[Event "Deutsche Ländermeisterschaft 2025"]
[Site "Oer-Erkenschwick GER"]
[Date "2025.10.04"]
[Round "6"]
[White "Busch, Jonathan Luis"]
[Black "Jung, Marcel"]
[Result "0-1"]
[Termination "normal"]
[Board "9.5"]
[WhiteElo "1754"]
[BlackElo "1749"]
[WhiteClock "01:03:27"]
[BlackClock "00:47:26"]
[WhiteTeam "Hamburg 2"]
[BlackTeam "Saarland & Friends"]
[PlyCount "116"]
[WhiteFideId "34664874"]
[BlackFideId "34673881"]
[EventCountry "GER"]
[EventRounds "7"]
[EventType "team-swiss"]
[EventDate "2025.09.30"]

1. e4 {[%clk 01:30:25]} {[%emt 00:00:34]} c5 {[%clk 01:30:53]} {[%emt
00:00:07]} 2. Nf3 {[%clk 01:30:36]} {[%emt 00:00:19]} b6 {[%clk 01:31:18]}
{[%emt 00:00:06]} 3. d4 {[%clk 01:30:48]} {[%emt 00:00:18]} cxd4 {[%clk
01:31:38]} {[%emt 00:00:10]} 4. Nxd4 {[%clk 01:31:03]} {[%emt 00:00:14]} Bb7
{[%clk 01:32:02]} {[%emt 00:00:06]} 5. Nc3 {[%clk 01:31:22]} {[%emt 00:00:13]}
d6 {[%clk 01:30:27]} {[%emt 00:02:05]} 6. Bb5+ {[%clk 01:30:50]} {[%emt
00:01:01]} Nd7 {[%clk 01:30:45]} {[%emt 00:00:12]} 7. Bc6 {[%clk 01:25:48]}
{[%emt 00:05:33]} Bxc6 {[%clk 01:29:45]} {[%emt 00:01:30]} 8. Nxc6 {[%clk
01:26:13]} {[%emt 00:00:06]} Qc7 {[%clk 01:30:04]} {[%emt 00:00:10]} 9. Nd4
{[%clk 01:26:22]} {[%emt 00:00:20]} a6 {[%clk 01:27:39]} {[%emt 00:02:55]} 10.
Qf3 {[%clk 01:26:32]} {[%emt 00:00:21]} e6 {[%clk 01:23:21]} {[%emt 00:04:48]}
11. Qh5 {[%clk 01:18:36]} {[%emt 00:08:26]} Ngf6 {[%clk 01:19:35]} {[%emt
00:04:16]} 12. Qf3 {[%clk 01:16:13]} {[%emt 00:02:53]} Rc8 {[%clk 01:17:33]}
{[%emt 00:02:32]} 13. O-O {[%clk 01:16:08]} {[%emt 00:00:36]} Be7 {[%clk
01:15:54]} {[%emt 00:02:08]} 14. Be3 {[%clk 01:15:46]} {[%emt 00:00:53]} O-O
{[%clk 01:15:10]} {[%emt 00:01:15]} 15. Qe2 {[%clk 01:11:01]} {[%emt 00:05:14]}
b5 {[%clk 01:11:42]} {[%emt 00:03:57]} 16. a3 {[%clk 01:09:05]} {[%emt
00:02:27]} Rfe8 {[%clk 01:09:37]} {[%emt 00:02:34]} 17. f4 {[%clk 01:08:48]}
{[%emt 00:00:47]} Nc5 {[%clk 01:02:47]} {[%emt 00:07:19]} 18. Qf3 {[%clk
01:07:29]} {[%emt 00:01:51]} Bf8 {[%clk 00:58:18]} {[%emt 00:04:58]} 19. Kh1
{[%clk 01:06:41]} {[%emt 00:01:18]} Qb7 {[%clk 00:55:39]} {[%emt 00:03:07]} 20.
e5 {[%clk 01:04:20]} {[%emt 00:02:52]} dxe5 {[%clk 00:53:37]} {[%emt 00:02:32]}
21. fxe5 {[%clk 01:04:03]} {[%emt 00:00:46]} Qxf3 {[%emt 00:02:05]} 22. Nxf3
{[%clk 01:03:23]} {[%emt 00:00:13]} Nfe4 {[%clk 00:50:15]} {[%emt 00:03:14]}
23. Nxe4 Nxe4 {[%clk 00:50:35]} 24. c3 {[%clk 01:03:21]} {[%emt 00:00:22]} Red8
{[%clk 00:49:21]} {[%emt 00:01:43]} 25. Rad1 {[%clk 01:03:31]} {[%emt
00:00:20]} Nc5 {[%clk 00:48:25]} {[%emt 00:01:27]} 26. Nd4 {[%clk 01:02:58]}
{[%emt 00:01:03]} Rd5 {[%clk 00:47:28]} {[%emt 00:01:26]} 27. Bf4 {[%clk
01:01:17]} {[%emt 00:02:12]} Na4 {[%clk 00:46:29]} {[%emt 00:01:29]} 28. Rd2
{[%clk 01:00:30]} {[%emt 00:01:18]} Nb6 {[%clk 00:46:13]} {[%emt 00:00:45]} 29.
Rfd1 {[%clk 01:00:30]} {[%emt 00:00:31]} Nc4 {[%clk 00:46:11]} {[%emt
00:00:31]} 30. Rf2 {[%clk 01:00:35]} {[%emt 00:00:26]} Nxe5 {[%clk 00:45:22]}
{[%emt 00:01:17]} 31. Bxe5 {[%clk 00:59:24]} {[%emt 00:01:42]} Rxe5 {[%clk
00:45:35]} {[%emt 00:00:17]} 32. Rdf1 {[%clk 00:59:43]} {[%emt 00:00:11]} f6
{[%clk 00:45:06]} {[%emt 00:00:59]} 33. g3 {[%clk 00:59:52]} {[%emt 00:00:22]}
Bc5 {[%clk 00:44:57]} {[%emt 00:00:39]} 34. Rd1 {[%clk 00:59:51]} {[%emt
00:00:31]} Rd5 {[%clk 00:44:36]} {[%emt 00:00:50]} 35. Rfd2 {[%clk 01:00:02]}
{[%emt 00:00:20]} Rcd8 {[%clk 00:44:56]} {[%emt 00:00:09]} 36. Kg2 {[%clk
00:59:42]} {[%emt 00:00:50]} e5 {[%clk 00:44:37]} {[%emt 00:00:49]} 37. Nf3
{[%clk 00:59:56]} {[%emt 00:00:17]} Rxd2+ {[%clk 00:44:59]} {[%emt 00:00:08]}
38. Rxd2 {[%clk 01:00:18]} {[%emt 00:00:08]} Rxd2+ {[%clk 00:45:24]} {[%emt
00:00:05]} 39. Nxd2 {[%clk 01:00:40]} {[%emt 00:00:08]} Be3 {[%clk 00:45:30]}
{[%emt 00:00:24]} 40. Nb3 {[%clk 01:00:40]} {[%emt 00:00:29]} f5 {[%clk
00:43:45]} {[%emt 00:02:16]} 41. Kf3 {[%clk 01:00:51]} {[%emt 00:00:18]} f4
{[%clk 00:43:27]} {[%emt 00:00:49]} 42. gxf4 {[%clk 01:00:57]} {[%emt
00:00:24]} exf4 {[%clk 00:43:52]} {[%emt 00:00:05]} 43. h3 {[%clk 01:01:14]}
{[%emt 00:00:13]} g5 {[%clk 00:43:47]} {[%emt 00:00:34]} 44. Kg4 {[%clk
01:01:27]} {[%emt 00:00:18]} Kf7 {[%clk 00:43:48]} {[%emt 00:00:28]} 45. Kf3
{[%clk 01:01:44]} {[%emt 00:00:14]} Ke6 {[%clk 00:43:22]} {[%emt 00:00:57]} 46.
a4 {[%clk 01:01:52]} {[%emt 00:00:22]} bxa4 {[%clk 00:43:28]} {[%emt 00:00:23]}
47. Nd4+ Bxd4 {[%clk 00:43:50]} 48. cxd4 {[%clk 01:01:58]} {[%emt 00:00:12]}
Kd5 {[%clk 00:44:16]} {[%emt 00:00:03]} 49. h4 {[%clk 01:01:54]} {[%emt
00:00:34]} h6 {[%clk 00:44:41]} {[%emt 00:00:05]} 50. hxg5 {[%clk 01:02:16]}
{[%emt 00:00:08]} hxg5 {[%clk 00:45:07]} {[%emt 00:00:04]} 51. Ke2 {[%clk
01:02:36]} {[%emt 00:00:09]} g4 {[%emt 00:00:27]} 52. Kf2 {[%clk 01:02:49]}
{[%emt 00:00:16]} Kxd4 {[%clk 00:45:35]} {[%emt 00:00:06]} 53. Kg2 {[%clk
01:03:03]} {[%emt 00:00:16]} Ke3 {[%clk 00:45:57]} {[%emt 00:00:08]} 54. Kf1
{[%clk 01:03:21]} {[%emt 00:00:12]} f3 {[%clk 00:46:15]} {[%emt 00:00:12]} 55.
Ke1 {[%clk 01:03:43]} {[%emt 00:00:09]} f2+ {[%clk 00:46:38]} {[%emt 00:00:07]}
56. Kf1 {[%clk 01:04:03]} {[%emt 00:00:10]} Kf3 {[%clk 00:47:04]} {[%emt
00:00:04]} 57. b3 {[%clk 01:03:06]} {[%emt 00:01:27]} g3 {[%clk 00:47:26]}
{[%emt 00:00:08]} 58. bxa4 {[%clk 01:03:27]} {[%emt 00:00:08]} g2# {[%emt
00:00:04]} 0-1

[Event "Deutsche Ländermeisterschaft 2025"]
[Site "Oer-Erkenschwick GER"]
[Date "2025.10.04"]
[Round "6"]
[White "Hoffmann, Sophia"]
[Black "Mkrtchyan, Nona"]
[Result "1/2-1/2"]
[Termination "normal"]
[Board "9.6"]
[WhiteElo "1666"]
[BlackElo "1607"]
[WhiteClock "00:03:27"]
[BlackClock "00:00:49"]
[WhiteTeam "Saarland & Friends"]
[BlackTeam "Hamburg 2"]
[PlyCount "83"]
[WhiteFideId "16259130"]
[BlackFideId "34681841"]
[EventCountry "GER"]
[EventRounds "7"]
[EventType "team-swiss"]
[EventDate "2025.09.30"]

1. d4 {[%clk 01:30:57]} {[%emt 00:00:02]} d5 {[%clk 01:30:56]} {[%emt
00:00:04]} 2. Bf4 {[%clk 01:31:18]} {[%emt 00:00:09]} Nf6 {[%clk 01:31:17]}
{[%emt 00:00:10]} 3. Nf3 {[%clk 01:30:42]} {[%emt 00:01:05]} h6 {[%clk
01:30:31]} {[%emt 00:01:16]} 4. e3 {[%clk 01:28:15]} {[%emt 00:02:57]} Bf5
{[%clk 01:27:51]} {[%emt 00:03:11]} 5. Nbd2 {[%clk 01:25:03]} {[%emt 00:03:41]}
e6 {[%clk 01:26:53]} {[%emt 00:01:27]} 6. h3 {[%clk 01:24:05]} {[%emt
00:01:28]} Nbd7 {[%clk 01:25:10]} {[%emt 00:02:14]} 7. Bd3 {[%clk 01:20:15]}
{[%emt 00:04:20]} Ne4 {[%clk 01:20:24]} {[%emt 00:05:17]} 8. Ne5 {[%clk
01:12:16]} {[%emt 00:08:28]} Bd6 {[%clk 01:06:11]} {[%emt 00:14:42]} 9. Qe2
{[%clk 00:57:02]} {[%emt 00:15:44]} Bxe5 {[%clk 01:01:31]} {[%emt 00:05:11]}
10. dxe5 {[%clk 00:53:23]} {[%emt 00:04:09]} Qe7 {[%clk 00:57:27]} {[%emt
00:04:34]} 11. O-O-O {[%clk 00:44:12]} {[%emt 00:09:40]} Ndc5 {[%clk 00:49:27]}
{[%emt 00:08:29]} 12. Bxe4 {[%clk 00:37:43]} {[%emt 00:07:00]} Bxe4 {[%clk
00:47:42]} {[%emt 00:02:15]} 13. Nxe4 {[%clk 00:36:28]} {[%emt 00:01:45]} Nxe4
{[%clk 00:48:00]} {[%emt 00:00:12]} 14. f3 {[%clk 00:34:49]} {[%emt 00:02:08]}
Nc5 {[%clk 00:47:28]} {[%emt 00:01:01]} 15. Qb5+ {[%clk 00:32:12]} {[%emt
00:03:08]} c6 {[%clk 00:45:59]} {[%emt 00:01:59]} 16. Qa5 {[%clk 00:31:14]}
{[%emt 00:01:28]} Na6 {[%clk 00:41:47]} {[%emt 00:04:43]} 17. Rhe1 {[%clk
00:27:28]} {[%emt 00:04:15]} Qc5 {[%clk 00:40:40]} {[%emt 00:01:35]} 18. Qa4
{[%clk 00:24:55]} {[%emt 00:03:05]} O-O-O {[%clk 00:32:01]} {[%emt 00:09:09]}
19. Rd4 {[%clk 00:19:27]} {[%emt 00:05:58]} Qb6 {[%clk 00:23:08]} {[%emt
00:09:24]} 20. e4 {[%clk 00:12:31]} {[%emt 00:07:26]} c5 {[%clk 00:12:38]}
{[%emt 00:11:01]} 21. Rd3 {[%emt 00:04:03]} Qb4 {[%emt 00:00:59]} 22. Qxb4
{[%clk 00:10:48]} {[%emt 00:00:01]} Nxb4 {[%emt 00:01:04]} 23. Ra3 {[%emt
00:00:39]} a6 {[%emt 00:01:08]} 24. exd5 {[%emt 00:01:29]} Rxd5 {[%emt
00:02:54]} 25. Bd2 {[%emt 00:00:20]} Nc6 {[%clk 00:08:33]} {[%emt 00:01:05]}
26. f4 {[%clk 00:07:18]} {[%emt 00:01:03]} Rhd8 {[%clk 00:08:47]} {[%emt
00:00:16]} 27. Be3 {[%clk 00:06:19]} {[%emt 00:01:29]} Nd4 {[%clk 00:09:01]}
{[%emt 00:00:17]} 28. Bxd4 {[%clk 00:06:15]} {[%emt 00:00:34]} Rxd4 {[%clk
00:09:19]} {[%emt 00:00:12]} 29. Rg3 {[%clk 00:05:49]} {[%emt 00:00:55]} g6
{[%clk 00:08:59]} {[%emt 00:00:51]} 30. Rf3 {[%clk 00:05:21]} {[%emt 00:00:57]}
Rd2 {[%clk 00:09:09]} {[%emt 00:00:19]} 31. g4 {[%clk 00:05:19]} {[%emt
00:00:32]} Kc7 {[%clk 00:07:26]} {[%emt 00:02:14]} 32. f5 {[%clk 00:04:59]}
{[%emt 00:00:51]} gxf5 {[%clk 00:03:56]} {[%emt 00:03:59]} 33. gxf5 {[%clk
00:05:21]} {[%emt 00:00:08]} exf5 {[%clk 00:02:46]} {[%emt 00:01:40]} 34. Rxf5
{[%clk 00:05:43]} {[%emt 00:00:07]} R2d7 {[%clk 00:02:40]} {[%emt 00:00:36]}
35. Ref1 {[%clk 00:05:37]} {[%emt 00:00:37]} Re8 {[%clk 00:01:53]} {[%emt
00:01:18]} 36. Rh5 {[%emt 00:02:32]} Re6 {[%emt 00:00:33]} 37. Rf6 {[%emt
00:00:53]} Rde7 {[%clk 00:00:55]} {[%emt 00:00:07]} 38. Rhxh6 {[%clk 00:04:06]}
{[%emt 00:00:53]} Rxe5 {[%clk 00:01:14]} {[%emt 00:00:11]} 39. Rh7 {[%clk
00:03:08]} {[%emt 00:01:27]} Re1+ {[%clk 00:00:49]} {[%emt 00:00:56]} 40. Kd2
{[%clk 00:03:27]} {[%emt 00:00:11]} R7e2+ {[%emt 00:03:35]} 41. Kc3 {[%emt
00:00:42]} b5 {[%emt 00:08:28]} 42. Rhxf7+ {[%emt 00:00:50]} 1/2-1/2

[Event "Deutsche Ländermeisterschaft 2025"]
[Site "Oer-Erkenschwick GER"]
[Date "2025.10.04"]
[Round "6"]
[White "Blöcher, Mina"]
[Black "Didas, Emma"]
[Result "0-1"]
[Termination "normal"]
[Board "9.7"]
[WhiteElo "1571"]
[BlackElo "1489"]
[WhiteClock "00:33:01"]
[BlackClock "00:24:33"]
[WhiteTeam "Hamburg 2"]
[BlackTeam "Saarland & Friends"]
[PlyCount "60"]
[WhiteFideId "34663339"]
[BlackFideId "34681612"]
[EventCountry "GER"]
[EventRounds "7"]
[EventType "team-swiss"]
[EventDate "2025.09.30"]

1. d4 {[%clk 01:30:58]} {[%emt 00:00:02]} d6 {[%clk 01:30:46]} {[%emt
00:00:14]} 2. c4 {[%clk 01:31:21]} {[%emt 00:00:06]} Nf6 {[%clk 01:31:11]}
{[%emt 00:00:05]} 3. Nc3 {[%clk 01:31:46]} {[%emt 00:00:05]} g6 {[%clk
01:31:35]} {[%emt 00:00:06]} 4. e4 {[%clk 01:32:10]} {[%emt 00:00:06]} Bg7
{[%clk 01:31:46]} {[%emt 00:00:19]} 5. Nf3 {[%clk 01:32:21]} {[%emt 00:00:19]}
O-O {[%clk 01:31:49]} {[%emt 00:00:27]} 6. Bd3 {[%clk 01:31:10]} {[%emt
00:01:41]} Bg4 {[%clk 01:31:09]} {[%emt 00:01:09]} 7. O-O {[%clk 01:28:48]}
{[%emt 00:02:53]} Nc6 {[%clk 01:30:54]} {[%emt 00:00:46]} 8. Be2 {[%clk
01:27:17]} {[%emt 00:02:02]} e5 {[%clk 01:27:59]} {[%emt 00:03:25]} 9. d5
{[%clk 01:22:45]} {[%emt 00:05:01]} Ne7 {[%clk 01:27:00]} {[%emt 00:01:29]} 10.
h3 {[%clk 01:22:16]} {[%emt 00:00:59]} Bd7 {[%clk 01:24:47]} {[%emt 00:02:43]}
11. Be3 {[%clk 01:21:39]} {[%emt 00:01:07]} Ne8 {[%clk 01:23:52]} {[%emt
00:01:26]} 12. b4 {[%clk 01:18:41]} {[%emt 00:03:27]} f5 {[%clk 01:23:05]}
{[%emt 00:01:17]} 13. Bd3 {[%clk 01:05:14]} {[%emt 00:13:57]} f4 {[%clk
01:21:37]} {[%emt 00:01:58]} 14. Bd2 {[%clk 01:05:33]} {[%emt 00:00:10]} h6
{[%clk 01:18:50]} {[%emt 00:03:17]} 15. Ne1 {[%clk 01:03:03]} {[%emt 00:03:01]}
Nf6 {[%clk 01:15:22]} {[%emt 00:03:57]} 16. f3 {[%clk 01:02:50]} {[%emt
00:00:43]} g5 {[%clk 01:14:47]} {[%emt 00:01:06]} 17. Nc2 {[%clk 01:01:06]}
{[%emt 00:02:14]} h5 {[%clk 01:12:09]} {[%emt 00:03:09]} 18. Be1 {[%clk
00:58:43]} {[%emt 00:02:52]} g4 {[%clk 01:04:58]} {[%emt 00:07:41]} 19. hxg4
{[%clk 00:53:54]} {[%emt 00:05:19]} hxg4 {[%clk 01:05:04]} {[%emt 00:00:23]}
20. Kf2 {[%clk 00:53:46]} {[%emt 00:00:38]} gxf3 {[%clk 01:02:02]} {[%emt
00:03:34]} 21. gxf3 {[%clk 00:51:16]} {[%emt 00:03:00]} Kf7 {[%clk 00:55:28]}
{[%emt 00:07:04]} 22. Ke2 {[%clk 00:50:04]} {[%emt 00:01:41]} Ng4 {[%clk
00:53:32]} {[%emt 00:02:26]} 23. Kd2 {[%clk 00:50:26]} {[%emt 00:00:09]} Nf6
{[%clk 00:33:54]} {[%emt 00:20:08]} 24. Qe2 {[%clk 00:49:31]} {[%emt 00:01:25]}
Rh8 {[%clk 00:29:24]} {[%emt 00:05:01]} 25. Bf2 {[%clk 00:46:57]} {[%emt
00:03:03]} Nh5 {[%clk 00:27:33]} {[%emt 00:02:21]} 26. Rh1 {[%clk 00:44:44]}
{[%emt 00:02:42]} Ng6 {[%clk 00:26:00]} {[%emt 00:02:04]} 27. a4 {[%clk
00:43:07]} {[%emt 00:02:07]} Ng3 {[%clk 00:24:47]} {[%emt 00:01:44]} 28. Bxg3
{[%clk 00:36:22]} {[%emt 00:07:15]} fxg3 {[%clk 00:24:59]} {[%emt 00:00:18]}
29. Qg2 {[%clk 00:35:51]} {[%emt 00:00:59]} Qg5+ {[%clk 00:24:23]} {[%emt
00:01:08]} 30. Ke2 {[%clk 00:33:01]} {[%emt 00:03:21]} Nf4+ {[%clk 00:24:33]}
{[%emt 00:00:20]} 0-1

[Event "Deutsche Ländermeisterschaft 2025"]
[Site "Oer-Erkenschwick GER"]
[Date "2025.10.04"]
[Round "6"]
[White "Classen, Meara"]
[Black "Seyedfakhari, Elena"]
[Result "1-0"]
[Termination "normal"]
[Board "9.8"]
[WhiteElo "1520"]
[BlackElo "1469"]
[WhiteClock "00:34:15"]
[BlackClock "00:58:41"]
[WhiteTeam "Saarland & Friends"]
[BlackTeam "Hamburg 2"]
[PlyCount "119"]
[WhiteFideId "34626956"]
[BlackFideId "34639888"]
[EventCountry "GER"]
[EventRounds "7"]
[EventType "team-swiss"]
[EventDate "2025.09.30"]

1. e4 {[%clk 01:30:57]} {[%emt 00:00:02]} e5 {[%clk 01:30:53]} {[%emt
00:00:07]} 2. Nf3 {[%clk 01:31:21]} {[%emt 00:00:05]} Nc6 {[%clk 01:31:12]}
{[%emt 00:00:12]} 3. Bc4 {[%clk 01:31:42]} {[%emt 00:00:08]} Bc5 {[%clk
01:31:17]} {[%emt 00:00:26]} 4. c3 {[%clk 01:32:04]} {[%emt 00:00:08]} Nf6
{[%clk 01:31:30]} {[%emt 00:00:17]} 5. d4 {[%clk 01:32:18]} {[%emt 00:00:16]}
exd4 {[%clk 01:31:40]} {[%emt 00:00:20]} 6. e5 {[%clk 01:32:37]} {[%emt
00:00:10]} Ng4 {[%clk 01:30:55]} {[%emt 00:01:15]} 7. cxd4 {[%clk 01:32:38]}
{[%emt 00:00:29]} Bb4+ {[%clk 01:30:09]} {[%emt 00:01:17]} 8. Nc3 {[%clk
01:31:49]} {[%emt 00:01:18]} O-O {[%clk 01:29:49]} {[%emt 00:00:51]} 9. h3
{[%clk 01:31:38]} {[%emt 00:00:40]} Nh6 {[%clk 01:29:44]} {[%emt 00:00:35]} 10.
Bxh6 {[%clk 01:31:28]} {[%emt 00:00:40]} gxh6 {[%clk 01:29:26]} {[%emt
00:00:48]} 11. O-O {[%clk 01:30:27]} {[%emt 00:01:32]} d6 {[%clk 01:26:47]}
{[%emt 00:03:09]} 12. exd6 {[%clk 01:25:46]} {[%emt 00:05:10]} Bxd6 {[%clk
01:25:36]} {[%emt 00:01:42]} 13. Qd2 {[%clk 01:24:21]} {[%emt 00:01:51]} Qf6
{[%clk 01:25:13]} {[%emt 00:00:51]} 14. Ne4 {[%clk 01:22:44]} {[%emt 00:02:11]}
Qg6 {[%clk 01:24:56]} {[%emt 00:00:41]} 15. Bd3 {[%clk 01:17:06]} {[%emt
00:06:15]} Qg7 {[%clk 01:23:17]} {[%emt 00:02:09]} 16. Kh1 {[%clk 01:10:48]}
{[%emt 00:06:48]} Kh8 {[%clk 01:22:04]} {[%emt 00:01:43]} 17. Nxd6 {[%clk
01:07:05]} {[%emt 00:04:14]} cxd6 {[%clk 01:21:57]} {[%emt 00:00:37]} 18. Rfe1
{[%clk 01:04:40]} {[%emt 00:02:53]} Rg8 {[%clk 01:21:37]} {[%emt 00:00:51]} 19.
Bf1 {[%clk 01:02:11]} {[%emt 00:02:57]} Qf6 {[%clk 01:19:05]} {[%emt 00:02:57]}
20. Re3 {[%clk 00:58:27]} {[%emt 00:04:22]} Bd7 {[%clk 01:15:44]} {[%emt
00:03:49]} 21. d5 {[%clk 00:55:54]} {[%emt 00:03:04]} Ne7 {[%clk 01:15:26]}
{[%emt 00:00:49]} 22. Qd4 {[%clk 00:55:00]} {[%emt 00:01:25]} Qxd4 {[%clk
01:14:57]} {[%emt 00:01:00]} 23. Nxd4 {[%clk 00:55:22]} {[%emt 00:00:08]} Nxd5
{[%clk 01:14:50]} {[%emt 00:00:36]} 24. Rb3 {[%clk 00:54:51]} {[%emt 00:01:01]}
b6 {[%clk 01:14:41]} {[%emt 00:00:39]} 25. g3 {[%clk 00:51:06]} {[%emt
00:04:12]} h5 {[%clk 01:13:29]} {[%emt 00:01:44]} 26. Bg2 {[%clk 00:50:24]}
{[%emt 00:01:09]} Be6 {[%clk 01:13:11]} {[%emt 00:00:50]} 27. f4 {[%clk
00:50:24]} {[%emt 00:01:01]} Rac8 {[%clk 01:08:46]} {[%emt 00:05:23]} 28. f5
{[%clk 00:42:25]} {[%emt 00:08:31]} Rc4 {[%clk 01:04:50]} {[%emt 00:04:26]} 29.
Rd1 {[%clk 00:39:31]} {[%emt 00:03:22]} Bd7 {[%clk 01:01:43]} {[%emt 00:03:35]}
30. Bxd5 {[%clk 00:39:25]} {[%emt 00:00:40]} Rc5 {[%clk 01:00:46]} {[%emt
00:01:17]} 31. Bxf7 {[%clk 00:39:13]} {[%emt 00:00:53]} Rf8 {[%clk 01:01:00]}
{[%emt 00:00:14]} 32. Be6 {[%clk 00:39:05]} {[%emt 00:00:39]} Ba4 {[%clk
01:00:52]} {[%emt 00:00:38]} 33. g4 {[%clk 00:35:35]} {[%emt 00:04:00]} hxg4
{[%clk 00:59:57]} {[%emt 00:01:25]} 34. hxg4 {[%clk 00:35:25]} {[%emt
00:00:41]} Bxb3 {[%clk 00:58:34]} {[%emt 00:01:53]} 35. Bxb3 {[%clk 00:35:45]}
{[%emt 00:00:09]} d5 {[%clk 00:58:49]} {[%emt 00:00:16]} 36. Ne6 {[%clk
00:34:37]} {[%emt 00:01:37]} Rg8 {[%clk 00:58:02]} {[%emt 00:01:17]} 37. Nxc5
{[%clk 00:34:35]} {[%emt 00:00:32]} bxc5 {[%clk 00:58:12]} {[%emt 00:00:20]}
38. Bxd5 {[%clk 00:34:26]} {[%emt 00:00:40]} Rxg4 {[%clk 00:58:20]} {[%emt
00:00:22]} 39. Rf1 {[%clk 00:33:58]} {[%emt 00:00:54]} Kg7 {[%clk 00:58:10]}
{[%emt 00:00:43]} 40. Rg1 {[%clk 00:33:09]} {[%emt 00:01:20]} Rxg1+ {[%clk
00:58:24]} {[%emt 00:00:15]} 41. Kxg1 {[%clk 00:33:33]} {[%emt 00:00:06]} Kf6
{[%clk 00:58:28]} {[%emt 00:00:26]} 42. Be4 {[%clk 00:33:13]} {[%emt 00:00:51]}
h5 {[%clk 00:58:26]} {[%emt 00:00:29]} 43. Kg2 {[%clk 00:33:28]} {[%emt
00:00:17]} Kg5 {[%clk 00:58:16]} {[%emt 00:00:38]} 44. Kg3 {[%clk 00:33:18]}
{[%emt 00:00:40]} a5 {[%clk 00:58:21]} {[%emt 00:00:28]} 45. a4 {[%clk
00:33:25]} {[%emt 00:00:23]} c4 {[%clk 00:58:06]} {[%emt 00:00:45]} 46. Bc2
{[%clk 00:33:13]} {[%emt 00:00:41]} Kh6 {[%clk 00:57:38]} {[%emt 00:00:58]} 47.
Kh4 {[%clk 00:33:17]} {[%emt 00:00:25]} Kg7 {[%clk 00:57:42]} {[%emt 00:00:27]}
48. Kxh5 {[%clk 00:33:33]} {[%emt 00:00:14]} Kf6 {[%clk 00:57:57]} {[%emt
00:00:15]} 49. Kg4 {[%clk 00:33:39]} {[%emt 00:00:23]} Ke5 {[%clk 00:58:12]}
{[%emt 00:00:15]} 50. Kg5 {[%clk 00:33:16]} {[%emt 00:00:53]} Kd6 {[%clk
00:58:19]} {[%emt 00:00:22]} 51. f6 {[%clk 00:33:21]} {[%emt 00:00:26]} Kd7
{[%clk 00:58:14]} {[%emt 00:00:35]} 52. Kg6 {[%clk 00:33:02]} {[%emt 00:00:48]}
Ke8 {[%clk 00:58:21]} {[%emt 00:00:24]} 53. Kg7 {[%clk 00:33:14]} {[%emt
00:00:18]} Kd7 {[%clk 00:58:18]} {[%emt 00:00:33]} 54. f7 {[%clk 00:33:33]}
{[%emt 00:00:11]} Kc6 {[%clk 00:58:24]} {[%emt 00:00:24]} 55. f8=Q {[%clk
00:33:50]} {[%emt 00:00:12]} c3 {[%clk 00:58:26]} {[%emt 00:00:28]} 56. bxc3
{[%clk 00:33:45]} {[%emt 00:00:35]} Kb6 {[%clk 00:58:42]} {[%emt 00:00:15]} 57.
Qd6+ {[%clk 00:33:58]} {[%emt 00:00:14]} Kb7 {[%clk 00:58:53]} 58. Be4+ {[%clk
00:34:16]} {[%emt 00:00:32]} Kc8 {[%clk 00:58:41]} {[%emt 00:00:43]} 59. Qe7
{[%clk 00:34:15]} {[%emt 00:00:30]} Kb8 {[%emt 00:00:35]} 60. Qb7# 1-0